LEADER 01233nam a2200229 i 4500 001 000000226660 003 CaOOAMICUS 005 20140129000000.0 008 140129s1835 it u000 u ita u 013 $a205562 040 $aSeMil$bita 245 10$aNotizia storica sopra l'origine e gli effetti della nuova medaglia coniata ad onore dell'Immacolata Concezione della SS. Vergine, e comunemente conosciuta sotto il nome Medaglia miracolosa, seguita da una Novena scritta in francese dal sig. N*** .. 260 $aGenova :$bFaziola e Arena,$c1835. 300 $aVI, 226 p. ;$c15 cm. 500 $aFondo Bidoglio. 650 4$aMedaglia miracolosa.$0(OLS)http://semarc/subject/10830 850 $aSeMil 852 $aSeMil$W1$xVenegono$y1$m2ZA X 2 FA$j177006$B177006$CSeMilBibl$Z2$F187930 $8I 941 1 $a2 961 $aLascito: Bidoglio don Maurizio 996 $6245$aNotizia storica sopra l'origine e gli effetti della nuova medaglia coniata ad onore dell'Immacolata Concezione della SS. Vergine, e comunemente conosciuta sotto il nome Medaglia miracolosa, seguita da una Novena scritta in francese dal sig. N*** ..$9(OLS)http://semarc/title/324509 996 $6260$aGenova :$bFaziola e Arena$9(OLS)http://semarc/publisher/53514 LEADER 00723nam a2200193 i 4500 001 000000240038 003 CaOOAMICUS 005 20150323000000.0 008 150323s1858 it u000 u ita u 013 $a218943 040 $aSeMil$bita 245 10$aVol. 88. 300 $a292 p. 773 0 $aMoroni Romano, Gaetano$tDizionario di erudizione storico-ecclesiastica da s. Pietro sino ai nostri giorni specialmente intorno ai principali santi ....$dIn Venezia : Tipografia Emiliana, 1840.$g88$w()31604 850 $aSeMil 852 $aSeMil$W1$xVenegono$y1$m3D III 117 FA$j190384$B190384$CSeMilBibl$Z2$F201241 $8I 941 1 $a10 961 $aRecupero: Mantegazza 996 $6245$aVol. 88$9(OLS)http://semarc/title/341628